00956nam a2200253 a 4500001001000000003000500010005001700015008004100032010001100073011001100084040000900095100004000104245017100144260004100315500006000356502006900416650002800485650002700513650002700540650002800567650002100595856001600616856007000632000111281CHAP20220329144205.0150126s2014 mx a fsm |||||||spa d a107743 a108715 cCHAP1 aAlcázar Orihuela, Miguelina Sugei10aEcointensificación :h[En línea]bfundamentos para la restauración de suelos y la productividad agrícola en Morelos /cpor Miguelina Sugei Alcázar Orihuela. aChapingo, Méx. :bEl autor,c2014. aPara ver el contenido del material haga clic en la liga aTesis (Ing. Agr. Esp. en Suelos) -- UACH. Departamento de Suelos14aAgricultura orgánica.14aCultivosxRendimiento.14aEcología agrícola.14aSuelosxConservación.14aSuelosxMorelos. a1 n0000192 aFinding aiduhttp://10.13.5.2/tesis/sist111281.pdfzTeclea aquí